II Congreso Colombiano de Informática Educativa: memorias
La informática como recurso educativo es una realidad creciente en nuestro medio. Cada vez más instituciones están en capacidad de aprovechar las oportunidades que brinda la informática.
Na minha lista:
| Autor Corporativo: | |
|---|---|
| Formato: | Conference Proceeding Livro |
| Idioma: | Spanish |
| Publicado em: |
Cali:
Pontificia universidad Javeriana,
1994
|
| Assuntos: | |
| Acesso em linha: | Enlace del recurso |
| Tags: |
Adicionar Tag
Sem tags, seja o primeiro a adicionar uma tag!
|
MARC
| LEADER | 00000nam a2200000 a 4500 | ||
|---|---|---|---|
| 001 | 001091 | ||
| 008 | 030610s1994 ck a fr# #000|0#spa#d | ||
| 041 | 0 | |a spa | |
| 043 | |a s-ck--- | ||
| 082 | 0 | 4 | |a 371.334 |b C553i |
| 111 | 2 | |a Congreso Colombiano de Informática Educativa |n (2 : |d Abr. 20-23, 1994 : |c Cali) | |
| 245 | 1 | 0 | |a II Congreso Colombiano de Informática Educativa: |b memorias |c Congreso Colombiano de Informática Educativa |
| 260 | |a Cali: |b Pontificia universidad Javeriana, |c 1994 | ||
| 300 | |a 640 : |b il., gráf., tabl. | ||
| 504 | |a Incluye bilbiografía al final de cada artículo | ||
| 520 | 3 | |a La informática como recurso educativo es una realidad creciente en nuestro medio. Cada vez más instituciones están en capacidad de aprovechar las oportunidades que brinda la informática. | |
| 650 | 1 | 4 | |a TECNOLOGÍA EDUCATIVA |z COLOMBIA |
| 650 | 1 | 4 | |a EDUCACIÓN |
| 999 | |c 3243 |d 3243 | ||
| 856 | |u https://catalogo.idep.edu.co/cgi-bin/koha/opac-detail.pl?biblionumber=3243 |z Enlace del recurso | ||